Statistics for 30 Largest Cities in Canada by Population

Click here to take the quiz!

General Stats

  • This quiz has been taken 17 times
  • The average score is 12 of 30

Answer Stats

Answer% Correct
Montreal
100%
Toronto
100%
Calgary
88%
Edmonton
88%
Ottawa
88%
Winnipeg
82%
Vancouver
76%
Quebec City
71%
Hamilton
65%
Mississauga
65%
Halifax
53%
Brampton
41%
London
41%
Windsor
35%
Regina
29%
Saskatoon
29%
Kitchener
24%
Surrey
18%
Markham
12%
Vaughan
12%
Burlington
6%
Burnaby
6%
Gatineau
6%
Laval
6%
Oakville
6%
Oshawa
6%
Sherbrooke
6%
Longueuil
0%
Richmond
0%
Richmond Hill
0%

Score Distribution

Percentile by Number Answered

Percent of People with Each Score

Your Score History

You have not taken this quiz